| 000 | 00473nam a2200169 4500 | ||
|---|---|---|---|
| 001 | 116147 | ||
| 003 | ES-MaACL | ||
| 005 | 20230906190639.0 | ||
| 007 | t| | ||
| 008 | 061121s1984 sp r ||||1| spa d | ||
| 020 | _a84-398-2401-7 | ||
| 100 | 0 |
_aParís Eguilaz, Higinio. _989148 |
|
| 245 | 1 | 0 |
_aEspaña en el socialismo actual / _cpor Higinio Paris Eguilaz. |
| 260 |
_aMadrid : _b[s.n.], _c1984. |
||
| 300 |
_a235 p. ; _c24 cm. |
||
| 852 |
_aES-MaACL _jL-11631 _bR.113447 |
||
| 999 |
_c116147 _d116147 |
||